|
|
|
|
| LEADER |
00000nam0a2200000 4500 |
| 001 |
156006 |
| 005 |
20231101221857.0 |
| 010 |
|
|
|a 9785090160056
|
| 035 |
|
|
|a (RuTPU)RU\TPU\book\169195
|
| 090 |
|
|
|a 156006
|
| 100 |
|
|
|a 20090320d2008 km y0rusy50 ca
|
| 101 |
0 |
|
|a rus
|
| 102 |
|
|
|a RU
|
| 105 |
|
|
|a a z 000zy
|
| 200 |
1 |
|
|a От догадки до истины
|f А. Б. Мигдал
|
| 210 |
|
|
|a Москва
|c Просвещение
|d 2008
|
| 215 |
|
|
|a 175 с.
|c ил.
|
| 225 |
1 |
|
|a Твой кругозор
|
| 330 |
|
|
|a Автор, крупнейший физик-теоретик, пишет о психологии научного творчества, о превращении смутной догадки в истину, отражающую тот или иной закон природы. Прочитав книгу, каждый любознательный читатель ощутит всю красоту логических построений и узнает, какими методами руководствуется наука на пути к познанию.
|
| 606 |
1 |
|
|a Научное творчество
|x Философские проблемы
|2 stltpush
|3 (RuTPU)RU\TPU\subj\45138
|9 64400
|
| 610 |
1 |
|
|a популярная литература
|
| 610 |
1 |
|
|a детская литература
|
| 610 |
1 |
|
|a наука
|
| 610 |
1 |
|
|a научное творчество
|
| 610 |
1 |
|
|a научные открытия
|
| 610 |
1 |
|
|a истина
|
| 610 |
1 |
|
|a научное познание
|
| 610 |
1 |
|
|a логика
|
| 610 |
1 |
|
|a психология
|
| 610 |
1 |
|
|a физика
|
| 610 |
1 |
|
|a симметрия
|
| 610 |
1 |
|
|a квантовая теория
|
| 610 |
1 |
|
|a нейтронные звезды
|
| 610 |
1 |
|
|a астрономия
|
| 610 |
1 |
|
|a познание
|
| 675 |
|
|
|a 087:0
|v 3
|
| 686 |
|
|
|a Ю251.20
|2 rubbk
|
| 700 |
|
1 |
|a Мигдал
|b А. Б.
|g Аркадий Бенедиктович
|
| 801 |
|
1 |
|a RU
|b 63413507
|c 20090320
|g PSBO
|
| 801 |
|
2 |
|a RU
|b 63413507
|c 20140908
|g PSBO
|
| 942 |
|
|
|c BK
|